Hotels sudden death !!!!!!!!!!!!! - Statistics

General Stats
  • This quiz has been taken 66 times
  • The average score is 6 of 8
Answers on the Grid
Answers color-coded by a green-red scale on the quiz's grid according to % correct below.
Great wolf lodge
Kalahari
Apply.com
Jetpunk 4.0
Hmv*(hgv,v7jfk6
Bestwestern
Days inn
Skibidi toilet
Yumyumyumyum
Safari bed and breakfast
Marriot
Hotel Hershey
Motel 6
Yomako
Holiday inn
 
Answer Stats
Answer % Correct
Marriot
91%
Days inn
84%
Holiday inn
84%
Bestwestern
75%
Motel 6
75%
Great wolf lodge
72%
Hotel Hershey
44%
Kalahari
41%
No matching quizzes found
Score Distribution
Percent of People with Each Score
Percentile by Number Answered
Your Score History
You have not taken this quiz